bio - Botaniquinha 2 - Statistics

Estatísticas Gerais
  • Esse quiz foi jogado 129 vezes
  • A pontuação média é 6 de 14
Estatísticas das Respostas
Questão Resposta % Correto
Em que organela celular ocorre a fotossíntese? Cloroplasto
79%
O oxigênio liberado na reação da fotossíntese, origina-se de qual dos reagentes? Água
63%
Qual organela celular se originou segundo a teoria da endossimbiose? Cloroplasto
63%
Quais os tipos de caule da cebola, da bananeira e do morango respectivamente? Bulbo, Rizoma, Estolho
47%
Qual hormônio vegetal estimula a floração? Giberelina
47%
Qual o hormônio entra em ação quando a planta se encontra em estresse hídrico? Ácido absísico
42%
São exemplos de caule: Batata inglesa e gengibre
42%
O _______ representa o momento em que se igualam os níveis de oxigênio produzidos (fotossíntese) e consumidos (respiração) pela planta. PCF (ponto de compensação fótica)
42%
O "agente laranja", usado pelos Estados Unidos na guerra do Vietnã, é um hormônio vegetal sintético. Que hormônio é esse? Auxina
37%
A etapa escura da fotossíntese... depende indiretamente da luz
37%
O que não acontece na fase fotoquímica da fotossíntese? Produção da glicose
37%
Qual enzima participa da fotossíntese e é a enzima mais abundante na natureza? Rubisco
37%
Onde se encontra a clorofila? Na membrana dos tilacoides
26%
Qual não é uma função do ácido abcísico? Abcisão foliar
21%
Nenhum quiz correspondente encontrado
Distribuição das Pontuações
Porcentagem de Pessoas com Cada Pontuação
Percentil de Números Respondidos
Sua Pontuação Histórica
Você não jogou esse quiz